000
00320nam a2200121Ia 4500
005
20251222144855.0
008
251222s9999||||xx |||||||||||||| ||spa||
082
_a
398.01/S29
100
_a
Schwab, Federico
245
0
_a
TeorÃa e Investigación del Folklore
264
_b
Universidad Mayor de San Marcos
942
_c
LIB
999
_c
21750
_d
21750